[Event "Vilnius (LTU)-Prague (CZE)"]
[Site "?"]
[Date "2009.06.05"]
[Round "3.1"]
[White "Cisar, Jiri"]
[Black "Patackas, Jonas"]
[Result "1/2-1/2"]
[WhiteElo "1900"]
[BlackElo "2042"]
[PlyCount "68"]
[EventDate "2009.??.??"]
[WhiteTeam "Prag (CZE)"]
[BlackTeam "Vilnius (LTU)"]

1. Nf3 Nf6 2. g3 d5 3. c4 e6 4. d4 Nbd7 5. b3 Be7 6. Bg2 O-O 7. O-O b6 8. Qc2
Bb7 9. Nbd2 Rc8 10. Bb2 c5 11. Ne5 cxd4 12. Bxd4 Qc7 13. Qb2 dxc4 14. Bxb7 Qxb7
15. Nxd7 Qxd7 16. Nxc4 Rfd8 17. Bxb6 axb6 18. Nxb6 Qa7 19. Nxc8 Rxc8 20. Rac1
Rb8 21. Rc4 h6 22. Rfc1 Nd5 23. Rc8+ Kh7 24. Rxb8 Qxb8 25. a3 Bf6 26. Qc2+ g6
27. b4 Nc3 28. Qd3 Qe5 29. e3 Kg7 30. f4 Qc7 31. Rc2 Qc6 32. b5 Qxb5 33. Rxc3
Bxc3 34. Qxc3+ Kh7 1/2-1/2

[Event "Vilnius (LTU)-Prague (CZE)"]
[Site "?"]
[Date "2009.06.05"]
[Round "3.2"]
[White "Petrauskas, Gediminas"]
[Black "Schmid, Jaroslav"]
[Result "0-1"]
[WhiteElo "1900"]
[BlackElo "2056"]
[PlyCount "94"]
[EventDate "2009.??.??"]
[WhiteTeam "Vilnius (LTU)"]
[BlackTeam "Prag (CZE)"]

1. Nf3 Nf6 2. g3 g6 3. Bg2 Bg7 4. O-O O-O 5. d4 d6 6. Re1 c5 7. c3 cxd4 8. cxd4
Qb6 9. Nc3 Re8 10. a3 Be6 11. Qd3 Nbd7 12. h3 Rac8 13. Qb5 Bc4 14. Qxb6 Nxb6
15. Bd2 Bb3 16. e3 e5 17. dxe5 dxe5 18. e4 Nc4 19. Bf1 Nxd2 20. Nxd2 Be6 21.
Nf3 Bd7 22. Rad1 Bc6 23. Bc4 Bd7 24. Bf1 a6 25. g4 Be6 26. Nd5 Nxd5 27. exd5
Bd7 28. Nd2 b5 29. Ne4 Rc2 30. Re2 Rec8 31. Nc3 Rxe2 32. Bxe2 f5 33. f3 Bf8 34.
Rd3 Bd6 35. Kf2 Kg7 36. Ke3 Bc5+ 37. Kd2 Bd6 38. Kd1 Kf6 39. h4 h6 40. Re3 Bc5
41. Rd3 Bf2 42. h5 gxh5 43. gxh5 Bc5 44. b4 Bd6 45. Nb1 Be8 46. Kd2 Bxh5 47. f4
e4 0-1

[Event "Vilnius (LTU)-Prague (CZE)"]
[Site "?"]
[Date "2009.06.05"]
[Round "3.3"]
[White "Petran, Tomas"]
[Black "Osadcij, Jurij"]
[Result "1/2-1/2"]
[WhiteElo "1900"]
[BlackElo "1900"]
[PlyCount "84"]
[EventDate "2009.??.??"]
[WhiteTeam "Prag (CZE)"]
[BlackTeam "Vilnius (LTU)"]

1. c4 e5 2. Nc3 Nf6 3. Nf3 Nc6 4. d4 exd4 5. Nxd4 Be7 6. e4 Nxd4 7. Qxd4 d6 8.
Be2 O-O 9. O-O Nd7 10. Nd5 Bf6 11. Nxf6+ Qxf6 12. Be3 Re8 13. Qxf6 Nxf6 14. f3
h6 15. b4 b6 16. Rfd1 Ba6 17. Rac1 Rac8 18. Rc3 Bb7 19. c5 dxc5 20. bxc5 Red8
21. Bd4 Ne8 22. c6 Ba8 23. Be5 Rxd1+ 24. Bxd1 Rd8 25. Bb3 Kf8 26. Bd5 Nd6 27.
Kf2 f6 28. Bf4 Nb5 29. Rc4 Ke7 30. Bc1 Nd6 31. Ba3 Ke8 32. Rd4 a6 33. Ke3 g5
34. g3 b5 35. Bc5 Nc4+ 36. Ke2 Ne5 37. Bb4 Nxc6 38. Bxc6+ Bxc6 39. Ke3 Rxd4 40.
Kxd4 Kf7 41. Kc5 Bd7 42. Ba5 Ke6 1/2-1/2

[Event "Vilnius (LTU)-Prague (CZE)"]
[Site "?"]
[Date "2009.06.05"]
[Round "3.4"]
[White "Marcinkeviciene, Egle"]
[Black "Ryvova, Anna"]
[Result "0-1"]
[WhiteElo "1741"]
[BlackElo "1994"]
[PlyCount "138"]
[EventDate "2009.??.??"]
[WhiteTeam "Vilnius (LTU)"]
[BlackTeam "Prag (CZE)"]

1. d4 d5 2. c4 c6 3. Nc3 Nf6 4. Nf3 e6 5. Bg5 Nbd7 6. e3 h6 7. Bh4 Be7 8. Bd3
O-O 9. O-O dxc4 10. Bxc4 b5 11. Bd3 a6 12. a3 c5 13. dxc5 Nxc5 14. Bc2 Qc7 15.
b4 Rd8 16. Qe2 Nb7 17. Ne4 Nd5 18. Bxe7 Qxe7 19. Rac1 Nf6 20. Nd4 Bd7 21. Rfd1
Rac8 22. Bb1 Nxe4 23. Bxe4 Nd6 24. Bf3 e5 25. Nb3 e4 26. Bg4 Bxg4 27. Qxg4 Rxc1
28. Rxc1 Nc4 29. Nc5 Nxa3 30. Qxe4 Qxe4 31. Nxe4 Nc4 32. Nc5 a5 33. bxa5 Nxa5
34. Kf1 Nc4 35. Ke1 Rd5 36. Nb3 Kf8 37. Rd1 Rxd1+ 38. Kxd1 Ke7 39. Kc2 Kd6 40.
Kc3 Kd5 41. Nd4 Kc5 42. Nb3+ Kd5 43. Nd4 Nd6 44. Kb4 Ne4 45. f3 Nd2 46. Nxb5
Nf1 47. e4+ Ke5 48. h3 Ne3 49. g3 Nf1 50. f4+ Kxe4 51. Nd6+ Kf3 52. Nxf7 Nxg3
53. Kc4 Kxf4 54. Kd4 Ne2+ 55. Kd3 Ng1 56. h4 Nf3 57. h5 Ne5+ 58. Nxe5 Kxe5 59.
Ke3 Kf5 60. Kf3 Kg5 61. Kg3 Kxh5 62. Kh3 Kg5 63. Kg3 g6 64. Kh3 Kf4 65. Kh4 Kf3
66. Kh3 g5 67. Kh2 g4 68. Kh1 Kf2 69. Kh2 g3+ 0-1

[Event "Hlohovec (SVK)-Helsingborg (SWE)"]
[Site "?"]
[Date "2009.06.05"]
[Round "3.1"]
[White "Borg, Peter"]
[Black "Frajka, Peter"]
[Result "0-1"]
[WhiteElo "1900"]
[BlackElo "1866"]
[PlyCount "122"]
[EventDate "2009.??.??"]
[WhiteTeam "Helsingborg (SWE)"]
[BlackTeam "Hlohovec (SVK)"]

1. d4 Nf6 2. Nf3 d6 3. g3 g6 4. Bg2 Bg7 5. O-O O-O 6. c4 c6 7. Nc3 Nbd7 8. e4
e5 9. d5 c5 10. Be3 Nb6 11. b3 Ng4 12. Bd2 f5 13. h3 Nf6 14. Bg5 fxe4 15. Nxe4
Bf5 16. Nxf6+ Bxf6 17. Bxf6 Qxf6 18. Nh2 Rae8 19. a3 Re7 20. Ra2 a5 21. a4 Nd7
22. g4 Rg7 23. gxf5 gxf5 24. f3 Qh4 25. Kh1 Nf6 26. Rg1 Nh5 27. Nf1 Rf6 28. Qd2
Rfg6 29. Qf2 Qg5 30. f4 Nxf4 31. Qf3 Rh6 32. Nh2 Rxh3 33. Qf1 Rg3 34. Rf2 b6
35. Rf3 Rxf3 36. Bxf3 Qxg1+ 37. Qxg1 Rxg1+ 38. Kxg1 Kg7 39. Nf1 Kf6 40. Nd2 e4
41. Bh1 Ke5 42. Nb1 Ne2+ 43. Kf2 Nc1 44. Nd2 Kd4 45. Ke1 Kc3 46. Bxe4 Nxb3 47.
Nb1+ Kxc4 48. Bxf5 Kxd5 49. Bxh7 Kd4 50. Bg6 c4 51. Kd1 Nc5 52. Bc2 d5 53. Kd2
Nb3+ 54. Ke2 Kc5 55. Bf5 Nd4+ 56. Kd2 Nxf5 57. Kc2 d4 58. Na3 Kb4 59. Kb2 Ne3
60. Nb5 c3+ 61. Kc1 d3 0-1

[Event "Hlohovec (SVK)-Helsingborg (SWE)"]
[Site "?"]
[Date "2009.06.05"]
[Round "3.2"]
[White "Sturc, Miloslav"]
[Black "Korenkiewicz, Jaroslav"]
[Result "1/2-1/2"]
[WhiteElo "1900"]
[BlackElo "1900"]
[PlyCount "98"]
[EventDate "2009.??.??"]
[WhiteTeam "Hlohovec (SVK)"]
[BlackTeam "Helsingborg (SWE)"]

1. e4 c5 2. Bc4 Nc6 3. c3 e6 4. d4 cxd4 5. cxd4 Bb4+ 6. Bd2 Bxd2+ 7. Qxd2 Nf6
8. f3 O-O 9. Ne2 a6 10. O-O b5 11. Bd3 Qa5 12. Qxa5 Nxa5 13. Nd2 Bb7 14. Nf4
Nc6 15. Nb3 Rac8 16. e5 Ne8 17. Nc5 Rc7 18. Ne2 d6 19. Nxb7 Rxb7 20. exd6 Nxd6
21. Rfd1 f5 22. Bc2 Na5 23. b3 Rc7 24. Rac1 Rfc8 25. Bd3 g6 26. Rxc7 Rxc7 27.
Nf4 Kf7 28. h4 h6 29. Re1 Re7 30. g4 g5 31. hxg5 hxg5 32. Nh3 Kf6 33. gxf5 Nc6
34. Rxe6+ Rxe6 35. fxe6 Nxd4 36. Kf2 Nxe6 37. Ke3 Ke5 38. Bh7 Nf5+ 39. Bxf5
Kxf5 40. Ng1 Nf4 41. Kd4 Kf6 42. Kc5 Nd3+ 43. Kb6 Nb4 44. a3 Nc2 45. a4 bxa4
46. bxa4 Nb4 47. Ka5 Nd3 48. Kxa6 Nc5+ 49. Kb5 Nxa4 1/2-1/2

[Event "Hlohovec (SVK)-Helsingborg (SWE)"]
[Site "?"]
[Date "2009.06.05"]
[Round "3.3"]
[White "Claesson, Mats"]
[Black "Jaros, Jozef"]
[Result "1/2-1/2"]
[WhiteElo "1900"]
[BlackElo "1900"]
[PlyCount "49"]
[EventDate "2009.??.??"]
[WhiteTeam "Helsingborg (SWE)"]
[BlackTeam "Hlohovec (SVK)"]

1. d4 Nf6 2. Nf3 g6 3. c4 Bg7 4. e3 d6 5. Nc3 O-O 6. Bd3 Nbd7 7. O-O c6 8. Qc2
Qa5 9. Bd2 Qc7 10. e4 Re8 11. Rfe1 e5 12. d5 Nc5 13. b4 Nxd3 14. Qxd3 Bd7 15.
Rab1 cxd5 16. cxd5 Rec8 17. Rb2 Bh6 18. Rc1 Bxd2 19. Nxd2 b5 20. Rbc2 Qb6 21.
Nb3 Ne8 22. Kh1 Rc7 23. Nd1 Rac8 24. Ne3 Rxc2 25. Rxc2 1/2-1/2

[Event "Otwock (POL)-Kiew (UKR)"]
[Site "Hamburg"]
[Date "2009.06.05"]
[Round "4.2"]
[White "Strzelecki, Jerzy"]
[Black "Kovalenko, Vladimir"]
[Result "1/2-1/2"]
[WhiteElo "2180"]
[BlackElo "2162"]
[PlyCount "30"]
[EventDate "2009.??.??"]
[WhiteTeam "Otwock (POL)"]
[BlackTeam "Kiew (UKR)"]

1. Nf3 Nf6 2. c4 g6 3. Nc3 Bg7 4. e4 d6 5. d4 O-O 6. Be2 e5 7. d5 Nbd7 8. Bg5
h6 9. Bh4 Nc5 10. Nd2 a6 11. O-O a5 12. Qc2 g5 13. Bg3 Nh7 14. Nb3 Nd7 15. Bg4
Nhf6 1/2-1/2

[Event "Otwock (POL)-Kiew (UKR)"]
[Site "Hamburg"]
[Date "2009.06.05"]
[Round "4.3"]
[White "Ovcharov, Taras"]
[Black "Chojnowski, Marcin"]
[Result "1-0"]
[WhiteElo "1987"]
[BlackElo "2130"]
[PlyCount "39"]
[EventDate "2009.??.??"]
[WhiteTeam "Kiew (UKR)"]
[BlackTeam "Otwock (POL)"]

1. e4 c5 2. c3 g6 3. d4 Bg7 4. dxc5 Na6 5. Bxa6 bxa6 6. b4 Rb8 7. a3 Bb7 8. f3
d5 9. cxd6 exd6 10. Qa4+ Kf8 11. Be3 d5 12. Bxa7 Rc8 13. Bc5+ Ne7 14. exd5 Rxc5
15. bxc5 Nxd5 16. Ne2 Qe7 17. c6 Bc8 18. Ra2 Bxc3+ 19. Nbxc3 Nxc3 20. Qd4 1-0

[Event "Otwock (POL)-Kiew (UKR)"]
[Site "Hamburg"]
[Date "2009.06.05"]
[Round "4.4"]
[White "Marczukiewicz, Jerzy"]
[Black "Babii, Petro"]
[Result "0-1"]
[WhiteElo "2001"]
[BlackElo "2124"]
[PlyCount "106"]
[EventDate "2009.??.??"]
[WhiteTeam "Otwock (POL)"]
[BlackTeam "Kiew (UKR)"]

1. d4 d5 2. Nf3 Nf6 3. Bf4 e6 4. e3 Be7 5. h3 O-O 6. Nbd2 c5 7. c3 Nc6 8. Bd3
Re8 9. O-O b6 10. e4 dxe4 11. Nxe4 cxd4 12. cxd4 Nxd4 13. Nxf6+ Bxf6 14. Be4
Ba6 15. Bxa8 Bxf1 16. Nxd4 Qxa8 17. Kxf1 Rd8 18. Qf3 Bxd4 19. Qxa8 Rxa8 20. Rb1
Rc8 21. Rc1 Rxc1+ 22. Bxc1 b5 23. Ke2 e5 24. f3 f5 25. Kd3 Kf7 26. f4 Ke6 27.
b3 Kd5 28. fxe5 Kxe5 29. Bd2 Kd5 30. Bb4 g5 31. Be7 g4 32. hxg4 fxg4 33. Bf8 h5
34. Be7 Bf2 35. Ke2 Bc5 36. Bf6 Ke4 37. Bg5 Bd6 38. Bh4 a6 39. Kd2 Bb4+ 40. Ke2
Kf4 41. Kd3 Bc5 42. Ke2 g3 43. Bd8 Kg4 44. Bc7 h4 45. Kd3 h3 46. gxh3+ Kxh3 47.
Bxg3 Kxg3 48. Ke4 a5 49. Kd5 Be7 50. Kc6 b4 51. Kb5 Bd8 52. Ka4 Kf3 53. a3 Be7
0-1

[Event "Zagreb (CRO)-Prague (CZE)"]
[Site "Hamburg"]
[Date "2009.06.05"]
[Round "4.1"]
[White "Cisar, Jiri"]
[Black "Bozinovic, Bogdan"]
[Result "1/2-1/2"]
[WhiteElo "1900"]
[BlackElo "2323"]
[PlyCount "131"]
[EventDate "2009.??.??"]
[WhiteTeam "Prag (CZE)"]
[BlackTeam "Zagreb (CRO)"]

1. Nf3 c5 2. c4 Nf6 3. g3 b6 4. Bg2 Bb7 5. O-O e6 6. Nc3 a6 7. d3 Be7 8. b3 O-O
9. Bb2 d6 10. Qc2 Nbd7 11. Rad1 Qc7 12. Rc1 Rac8 13. Rfd1 Qb8 14. e3 Qa8 15.
Nh4 Bxg2 16. Nxg2 Ne5 17. h3 Nf3+ 18. Kh1 Qb7 19. Qe2 Ne5 20. e4 Nc6 21. Qe3
Rfe8 22. Kh2 b5 23. Rd2 Ne5 24. Qe2 Nc6 25. Qe3 Bf8 26. Ne2 Ne5 27. Bxe5 dxe5
28. Nh4 Be7 29. Nf3 Qb8 30. Nc3 h6 31. Kg2 Red8 32. Rcd1 Rd7 33. Ne1 Nh7 34.
Nf3 Nf8 35. Rc2 Ng6 36. Re2 Bd6 37. Qd2 Rcd8 38. Qe3 Be7 39. Qc1 Rxd3 40. Red2
Rxd2 41. Rxd2 bxc4 42. bxc4 Qb4 43. Rxd8+ Bxd8 44. Ne2 Qb7 45. Qe3 Be7 46. Qd3
f6 47. Nc1 Nf8 48. Nb3 Kf7 49. Nfd2 Qd7 50. Qe3 Qc7 51. Qc3 Bd8 52. Nf3 Qc6 53.
Qd3 Be7 54. Kf1 Qa4 55. Nc1 Nd7 56. Qb3 Qc6 57. Nd2 Bd8 58. Ke2 Ba5 59. f3 Ke7
60. Qd3 Qa4 61. Qb3 Qc6 62. Qd3 Bc7 63. Qb3 f5 64. g4 g6 65. Qe3 f4 66. Qc3
1/2-1/2

[Event "Zagreb (CRO)-Prague (CZE)"]
[Site "Hamburg"]
[Date "2009.06.05"]
[Round "4.2"]
[White "Klasan, Vladimir"]
[Black "Schmid, Jaroslav"]
[Result "1-0"]
[WhiteElo "2282"]
[BlackElo "2056"]
[PlyCount "79"]
[EventDate "2009.??.??"]
[WhiteTeam "Zagreb (CRO)"]
[BlackTeam "Prag (CZE)"]

1. e4 c5 2. Nf3 Nc6 3. b3 a6 4. Bb2 d5 5. exd5 Qxd5 6. Nc3 Qd8 7. Bc4 h6 8. Qe2
Nf6 9. Ne4 Nxe4 10. Qxe4 e6 11. O-O-O Qc7 12. Ne5 Bd7 13. Rhe1 Nxe5 14. Bxe5
Qc6 15. Qf4 Rg8 16. Bd3 Be7 17. Bh7 Bg5 18. Qg3 Rh8 19. Be4 Qb6 20. Bxg7 Rg8
21. Qc3 O-O-O 22. Bd4 Be7 23. Be3 Bc6 24. Bxc6 Qxc6 25. g3 h5 26. d4 cxd4 27.
Qxc6+ bxc6 28. Rxd4 Rd5 29. c4 Ra5 30. Kb1 Rd8 31. Rf4 Bb4 32. Rc1 Rd7 33. Rd4
Re5 34. Rxd7 Kxd7 35. Rd1+ Kc8 36. Kc2 Be7 37. Kd3 Ba3 38. h3 f5 39. Bd4 Ra5
40. Bc3 1-0

[Event "Zagreb (CRO)-Prague (CZE)"]
[Site "Hamburg"]
[Date "2009.06.05"]
[Round "4.3"]
[White "Petran, Tomas"]
[Black "Vujcic, Toni"]
[Result "0-1"]
[WhiteElo "1900"]
[BlackElo "2141"]
[PlyCount "138"]
[EventDate "2009.??.??"]
[WhiteTeam "Prag (CZE)"]
[BlackTeam "Zagreb (CRO)"]

1. c4 Nf6 2. d4 g6 3. Nc3 Bg7 4. e4 d6 5. Nf3 O-O 6. Be2 e5 7. O-O Nc6 8. d5
Ne7 9. h3 Nh5 10. Ne1 Nf4 11. Nd3 Nxe2+ 12. Qxe2 f5 13. f3 f4 14. b4 g5 15. Kf2
h5 16. Rh1 Ng6 17. a4 Bf6 18. Ke1 g4 19. Ra2 Bh4+ 20. Kd1 Bd7 21. Bd2 gxh3 22.
gxh3 Bg3 23. Be1 Rf7 24. Nf2 Nh4 25. Bd2 Qc8 26. Kc2 Rg7 27. Ncd1 Bxf2 28. Qxf2
Qd8 29. Kc1 Rg3 30. Rg1 Qg5 31. Rxg3 Qxg3 32. Be1 Qxf2 33. Rxf2 Bxa4 34. Nc3
Bd7 35. Rf1 Ng6 36. Rg1 Kh7 37. h4 Ne7 38. Kb2 Rg8 39. Bf2 a6 40. Rxg8 Kxg8 41.
Nb1 Kf7 42. Nd2 Ba4 43. Kc3 Bd1 44. Kb2 Ke8 45. Kc3 Kd7 46. Kb2 c6 47. Kc3 cxd5
48. cxd5 b5 49. Bb6 Ng6 50. Bf2 Kc7 51. Kb2 Ne7 52. Kc3 Nc8 53. Bg1 Be2 54. Bf2
Nb6 55. Kc2 Nc4 56. Kc3 Nxd2 57. Kxd2 Bxf3 58. Kd3 Bg2 59. Ba7 Kb7 60. Bf2 Bf1+
61. Kd2 Bc4 62. Be1 a5 63. bxa5 b4 64. Kc2 b3+ 65. Kb2 f3 66. Kc3 Ka6 67. Kb2
Kb5 68. Kc3 Ka4 69. Kb2 Bd3 0-1

[Event "Zagreb (CRO)-Prague (CZE)"]
[Site "Hamburg"]
[Date "2009.06.05"]
[Round "4.4"]
[White "Svec, Darko"]
[Black "Ryvova, Anna"]
[Result "1-0"]
[WhiteElo "1968"]
[BlackElo "1994"]
[PlyCount "31"]
[EventDate "2009.??.??"]
[WhiteTeam "Zagreb (CRO)"]
[BlackTeam "Prag (CZE)"]

1. d4 d5 2. Nc3 Nf6 3. Bg5 e6 4. e4 dxe4 5. Nxe4 Be7 6. Bxf6 Bxf6 7. Nf3 O-O 8.
Qd2 Nc6 9. c3 b6 10. h4 Bb7 11. Bd3 Qe7 12. Nfg5 h6 13. Nxf6+ gxf6 14. Nh7 e5
15. Qxh6 exd4+ 16. Kf1 1-0

[Event "Sofia (BUL)-Hamburg (GER II)"]
[Site "Hamburg"]
[Date "2009.06.05"]
[Round "4.1"]
[White "Kevorkov, Artur"]
[Black "Georgiev, Veselin"]
[Result "0-1"]
[WhiteElo "2240"]
[BlackElo "2360"]
[PlyCount "102"]
[EventDate "2009.??.??"]
[WhiteTeam "Hamburg (GER II)"]
[BlackTeam "Sofia (BUL)"]

1. e4 d6 2. d4 Nf6 3. Nc3 g6 4. f4 Bg7 5. Nf3 c5 6. dxc5 Qa5 7. Bd2 Qxc5 8. Bd3
O-O 9. Qe2 Bg4 10. Be3 Qa5 11. O-O Nc6 12. Nd1 Nb4 13. h3 Bxf3 14. Rxf3 Rac8
15. c3 Nxd3 16. Qxd3 Nd7 17. Nf2 a6 18. a3 Qa4 19. Qd1 Qxd1+ 20. Rxd1 Rc7 21.
Bd4 Rfc8 22. Rfd3 Nc5 23. Bxc5 Rxc5 24. Rd5 Rc4 25. g3 h5 26. Kg2 b5 27. Kf3
Rb8 28. g4 hxg4+ 29. Nxg4 Bf8 30. Ne3 Rc6 31. f5 Bh6 32. fxg6 fxg6 33. Rg1 Kh7
34. Ng4 Rf8+ 35. Ke2 Rf4 36. Nf2 Rc8 37. Rd3 Rcf8 38. Rg2 Bg5 39. Re3 Bh4 40.
Nd3 R4f7 41. e5 d5 42. Rg4 g5 43. e6 Rf1 44. Re5 Rh1 45. Rxd5 Rf6 46. Re4 Rh2+
47. Ke3 Rxh3+ 48. Kd4 Rff3 49. Nb4 Bf2+ 50. Ke5 Kg6 51. Re2 Rh4 0-1

[Event "Sofia (BUL)-Hamburg (GER II)"]
[Site "Hamburg"]
[Date "2009.06.05"]
[Round "4.2"]
[White "Ninov, Nikolay"]
[Black "Jentsch, Dieter"]
[Result "0-1"]
[WhiteElo "1900"]
[BlackElo "2175"]
[PlyCount "60"]
[EventDate "2009.??.??"]
[WhiteTeam "Sofia (BUL)"]
[BlackTeam "Hamburg (GER II)"]

1. e4 e6 2. d4 d5 3. Nc3 Bb4 4. Bd3 c5 5. dxc5 dxe4 6. Bb5+ Bd7 7. Bd2 e3 8.
Bxd7+ Nxd7 9. Bxe3 Bxc3+ 10. bxc3 Qa5 11. Ne2 Ngf6 12. Rb1 Rd8 13. Qd4 Qxa2 14.
Rxb7 Qxc2 15. O-O Qxe2 16. Rd1 Qa6 17. Rc7 Qa5 18. Bf4 O-O 19. c6 e5 20. Bxe5
Qxe5 21. Rxd7 Nxd7 22. cxd7 Qxd4 23. Rxd4 f6 24. c4 Rf7 25. h3 Rfxd7 26. Re4
Kf7 27. c5 Rd1+ 28. Kh2 Rc1 29. Ra4 Rd7 30. Ra5 Rc7 0-1

[Event "Sofia (BUL)-Hamburg (GER II)"]
[Site "Hamburg"]
[Date "2009.06.05"]
[Round "4.3"]
[White "Krüger, Karl-Friedrich"]
[Black "Ivanov, Svetoslav"]
[Result "1/2-1/2"]
[WhiteElo "1900"]
[BlackElo "1900"]
[PlyCount "72"]
[EventDate "2009.??.??"]
[WhiteTeam "Hamburg (GER II)"]
[BlackTeam "Sofia (BUL)"]

1. e4 c5 2. Nf3 Nc6 3. b3 e5 4. Bb2 d6 5. Bc4 Be7 6. O-O Nf6 7. Re1 O-O 8. Nc3
Bg4 9. Nd5 Re8 10. Nxf6+ Bxf6 11. c3 Qd7 12. d3 a6 13. a4 Ne7 14. b4 Ng6 15. h3
Bxh3 16. gxh3 Qxh3 17. Nh2 Nh4 18. Qg4 Qxg4+ 19. Nxg4 Nf3+ 20. Kf1 Nxe1 21.
Nxf6+ gxf6 22. Kxe1 cxb4 23. cxb4 b5 24. Bd5 Rac8 25. axb5 axb5 26. Ra7 Rf8 27.
Kd1 Kg7 28. Bc1 h5 29. Be6 Ra8 30. Rb7 h4 31. Bd2 Rab8 32. Rd7 Rbd8 33. Rc7 Ra8
34. Bc3 Ra3 35. Bh3 Rfa8 36. Ke2 R8a7 1/2-1/2

[Event "Sofia (BUL)-Hamburg (GER II)"]
[Site "Hamburg"]
[Date "2009.06.05"]
[Round "4.4"]
[White "Lozanova, Galabina"]
[Black "Rahn, Jürgen"]
[Result "1/2-1/2"]
[WhiteElo "1900"]
[BlackElo "1900"]
[PlyCount "81"]
[EventDate "2009.??.??"]
[WhiteTeam "Sofia (BUL)"]
[BlackTeam "Hamburg (GER II)"]

1. e4 e6 2. d4 d5 3. Nc3 Bb4 4. Bd2 Nf6 5. exd5 exd5 6. Qe2+ Qe7 7. Qxe7+ Bxe7
8. Be2 Bf5 9. O-O-O c6 10. f3 h6 11. g4 Be6 12. h4 Nbd7 13. Nh3 O-O-O 14. Nf4
Nf8 15. Nxe6 Nxe6 16. Be3 Bd6 17. Kb1 Bf4 18. Bxf4 Nxf4 19. Kc1 Rde8 20. Kd2 g5
21. h5 Re7 22. Rh2 Rhe8 23. Rf1 a6 24. Rff2 Nd7 25. Bd1 Nf8 26. Ne2 N8e6 27. c3
Kc7 28. Ng3 Ng7 29. Ne2 Nxe2 30. Rxe2 f5 31. Rxe7+ Rxe7 32. Re2 Rxe2+ 33. Kxe2
f4 34. Kd3 Kd6 35. c4 b6 36. cxd5 cxd5 37. b4 Ne6 38. a4 b5 39. axb5 axb5 40.
Be2 Kc6 41. Kc3 1/2-1/2

[Event "London (ENG)-Baku (AZE)"]
[Site "Hamburg"]
[Date "2009.06.05"]
[Round "4.1"]
[White "Slepsov, Aleksandr"]
[Black "Macleod, Alasdair"]
[Result "1-0"]
[WhiteElo "1900"]
[BlackElo "2031"]
[PlyCount "97"]
[EventDate "2009.??.??"]
[WhiteTeam "Baku (AZE)"]
[BlackTeam "London (ENG)"]

1. d4 Nf6 2. Nf3 g6 3. c4 Bg7 4. Nc3 O-O 5. e4 d6 6. Be2 e5 7. d5 a5 8. O-O Na6
9. h3 Nc5 10. Bg5 h6 11. Bxf6 Bxf6 12. Nd2 Bd7 13. b3 Bg7 14. a3 Na6 15. Rb1 f5
16. b4 axb4 17. axb4 b6 18. Qb3 Qb8 19. Ra1 Qb7 20. Ra3 Nb8 21. Rfa1 Rxa3 22.
Qxa3 Rc8 23. Qa8 Qxa8 24. Rxa8 Bf6 25. g4 fxg4 26. Bxg4 Bxg4 27. hxg4 Rf8 28.
Nb5 Bg5 29. Nf1 c6 30. Nxd6 cxd5 31. exd5 Be7 32. c5 bxc5 33. bxc5 Nd7 34. Ra7
Bxd6 35. cxd6 Rd8 36. Ne3 Nf6 37. Re7 Rxd6 38. Rxe5 Kf7 39. Kg2 Nd7 40. Re4 Nf6
41. Rd4 Ke7 42. Kg3 Kd7 43. Kf4 Nh7 44. Ra4 Ng5 45. Ra7+ Ke8 46. Ke5 Nf7+ 47.
Rxf7 Rxd5+ 48. Nxd5 Kxf7 49. Nf4 1-0

[Event "London (ENG)-Baku (AZE)"]
[Site "Hamburg"]
[Date "2009.06.05"]
[Round "4.2"]
[White "Gardner, Phillip"]
[Black "Yusifov, Fazil"]
[Result "1-0"]
[WhiteElo "1900"]
[BlackElo "1900"]
[PlyCount "37"]
[EventDate "2009.??.??"]
[WhiteTeam "London (ENG)"]
[BlackTeam "Baku (AZE)"]

1. e4 e5 2. Nf3 Nc6 3. Bc4 Bd6 4. O-O h6 5. Nc3 a6 6. a4 Nf6 7. d3 O-O 8. h3
Bc5 9. Nd5 d6 10. c3 Nxd5 11. Bxd5 Ne7 12. Ba2 Ng6 13. d4 exd4 14. cxd4 Bb6 15.
Be3 Bd7 16. b4 c6 17. Qd3 Bc7 18. e5 Bf5 19. Qxf5 1-0

[Event "London (ENG)-Baku (AZE)"]
[Site "Hamburg"]
[Date "2009.06.05"]
[Round "4.3"]
[White "Zhigannurov, Ramiz"]
[Black "Dwek, Ilan"]
[Result "0-1"]
[WhiteElo "1900"]
[BlackElo "1900"]
[PlyCount "42"]
[EventDate "2009.??.??"]
[WhiteTeam "Baku (AZE)"]
[BlackTeam "London (ENG)"]

1. d4 Nf6 2. c4 e5 3. d5 Bc5 4. e3 d6 5. Nc3 a6 6. Bd3 O-O 7. Ne4 Nxe4 8. Bxe4
f5 9. Bc2 Qf6 10. Qe2 Bd7 11. Nf3 e4 12. Nd2 c6 13. Nb3 Bb4+ 14. Nd2 cxd5 15.
cxd5 Bb5 16. Qd1 f4 17. Bxe4 fxe3 18. f3 exd2+ 19. Bxd2 Qxb2 20. Bxb4 Qxb4+ 21.
Kf2 Qxe4 0-1

[Event "London (ENG)-Baku (AZE)"]
[Site "Hamburg"]
[Date "2009.06.05"]
[Round "4.4"]
[White "Dunn, Richard"]
[Black "Afandiyev, Ahad"]
[Result "1-0"]
[WhiteElo "1900"]
[BlackElo "1900"]
[PlyCount "63"]
[EventDate "2009.??.??"]
[WhiteTeam "London (ENG)"]
[BlackTeam "Baku (AZE)"]

1. c4 g6 2. Nf3 Nf6 3. g3 Bg7 4. Bg2 O-O 5. O-O d6 6. Nc3 c5 7. d4 cxd4 8. Nxd4
h6 9. Qd3 e5 10. Ndb5 Ne8 11. Rd1 Nc6 12. e3 a6 13. Nxd6 Nxd6 14. Qxd6 Qxd6 15.
Rxd6 Rd8 16. Rxd8+ Nxd8 17. Nd5 Nc6 18. Bd2 Be6 19. Bc3 Rd8 20. Rc1 f5 21. b3
e4 22. Bxg7 Kxg7 23. Nf4 Kf6 24. f3 exf3 25. Bxf3 Rd2 26. Bxc6 bxc6 27. a4 Rb2
28. Rc3 Ke5 29. Nd3+ Ke4 30. Nxb2 c5 31. Kf2 g5 32. Nd3 1-0

[Event "St. Gallen (SUI)-Dresden (GER I)"]
[Site "Hamburg"]
[Date "2009.06.05"]
[Round "4.1"]
[White "Mucha, Annegret"]
[Black "Redzepi, Halit"]
[Result "1-0"]
[WhiteElo "1957"]
[BlackElo "1847"]
[PlyCount "103"]
[EventDate "2009.??.??"]
[WhiteTeam "Dresden (GER I)"]
[BlackTeam "St. Gallen (SUI)"]

1. e4 c5 2. Nc3 e6 3. g3 d6 4. Bg2 Nf6 5. d3 Be7 6. f4 a6 7. a4 O-O 8. Nf3 Nc6
9. O-O Qc7 10. h3 b6 {(=)} 11. Be3 Bb7 12. Bf2 Rfe8 13. Nh4 g6 14. g4 Rac8 15.
Ne2 Qd8 16. Nf3 d5 17. e5 Nd7 18. Ng3 b5 {(=)} 19. axb5 axb5 20. d4 cxd4 21.
Nxd4 Nxd4 22. Bxd4 Bc5 23. c3 Qb6 24. Ne2 b4 25. Kh2 Bxd4 26. cxd4 Ba6 27. Rf2
Bxe2 28. Rxe2 Rc4 29. Rd2 Rec8 30. Bf1 R4c7 31. Kg3 Nb8 32. Be2 Ra7 33. Rxa7
Qxa7 34. Rc2 Qb7 35. Rxc8+ Qxc8 36. Qa4 Qb7 37. Qb5 Qxb5 38. Bxb5 h6 39. Kf3 g5
40. fxg5 hxg5 41. Ke3 f5 42. exf6 Kf7 43. h4 Kxf6 44. h5 e5 45. dxe5+ Kxe5 46.
h6 Kf6 47. Kd4 Kg6 48. Kxd5 b3 49. Kd6 Kxh6 50. Kc7 Kg6 51. Kxb8 Kf6 52. Bc4
1-0

[Event "St. Gallen (SUI)-Dresden (GER I)"]
[Site "Hamburg"]
[Date "2009.06.05"]
[Round "4.2"]
[White "Wagner, Peter"]
[Black "Müller, Burkhard"]
[Result "1/2-1/2"]
[WhiteElo "1900"]
[BlackElo "2159"]
[PlyCount "46"]
[EventDate "2009.??.??"]
[WhiteTeam "St. Gallen (SUI)"]
[BlackTeam "Dresden (GER I)"]

1. e4 c5 2. Nf3 e6 3. d4 cxd4 4. Nxd4 a6 5. Nc3 Nc6 6. Be3 Qc7 7. Be2 Nf6 8.
O-O Be7 9. Kh1 d6 10. f4 O-O 11. Bf3 Nxd4 12. Bxd4 e5 13. Be3 Be6 14. f5 Bc4
15. Rf2 Nd7 16. Rc1 f6 17. b3 Bf7 18. Nd5 Bxd5 19. Qxd5+ Kh8 20. c4 Rac8 21.
Bh5 Qc6 22. Qd3 Nc5 23. Bxc5 dxc5 1/2-1/2

[Event "St. Gallen (SUI)-Dresden (GER I)"]
[Site "Hamburg"]
[Date "2009.06.05"]
[Round "4.3"]
[White "Kössler, Wolfgang"]
[Black "Geisser, Rainer"]
[Result "1-0"]
[WhiteElo "1900"]
[BlackElo "1900"]
[PlyCount "57"]
[EventDate "2009.??.??"]
[WhiteTeam "Dresden (GER I)"]
[BlackTeam "St. Gallen (SUI)"]

1. e4 c5 2. Nf3 d6 3. d4 cxd4 4. Nxd4 Nf6 5. Nc3 a6 6. Be3 e5 7. Nb3 Be6 8. f3
Be7 9. Qd2 Nbd7 10. O-O-O Bxb3 11. axb3 b5 12. g4 Nb6 13. g5 Nfd7 14. h4 b4 15.
Ne2 a5 16. Ng3 g6 17. Bb5 Rb8 18. h5 Qc7 19. Rh3 Kd8 20. hxg6 fxg6 21. Rdh1 Nc5
22. Kb1 Ne6 23. Rxh7 Rf8 24. Rh8 Rc8 25. R1h7 Rxh8 26. Rxh8+ Bf8 27. f4 Ke7 28.
f5 Nc5 29. Rh7+ 1-0